000 00444nam a2200181Ia 4500
008 230524s9999 xx 000 0 und d
020 _a8174091173
082 _a624.2
_bASW
100 _aM.G.Aswani
_941498
245 0 _aDesign of Concrete Bridges
250 _a2
260 _aDelhi
_bKhanna Pub.
_c2013
300 _a431p;
500 _aQuantity Number: 1
650 _aCivil
700 _aV.N.Vazirani [etal....]
_941499
942 _cBK
999 _c55766
_d55766